000 00490nam a2200181Ia 4500
005 20250508150858.0
008 008 250505s9999 xx 000 0 eng d
037 _aTextual
040 _aFEDL
_beng
_cFEDL
041 _aeng
_2eng
084 _a372.3, WYS
_qFEDL
100 _aWyss C Von
_9757893
245 0 _aTeaching of nature study
260 _aLondon, UK
_bA and C Black Ltd.
_c1951
300 _aviii,102p
942 _cTEXL
_h372.3, WYS
999 _c1326279
_d1326279